000 00896nam a22002057a 4500
999 _c62628
_d62628
003 Ge_BSU
005 20241220121533.0
008 241220s1973 ge ||||| |||| 00| 0 geo d
041 _ageo
080 _a 612.014.24 ლ-46
100 _aლეჟავა, თეიმურაზ
_924018
245 _aადამიანის ქრომოსომთა კვლევის მეთოდები /
_cთეიმურაზ ლეჟავა.
264 _aთბილისი :
_bგანათლება,
_c1973.
300 _a134 გვ. :
_b ილ. ;
_c21 სმ.
501 _a საგანთა საძიებელი: გვ. 127-132.
504 _a ბიბლიოგრაფია: გვ. 121-126.
653 _aადამიანის ქრომოსომები
653 _aმედიცინა
942 _2udc
_cᲬᲘᲒᲜᲘ